000
00255nam a2200109Ia 4500
005
20251222114408.0
008
251222s1900||||xx |||||||||||||| ||spa||
082
_a
DVD0010/S82/1986
245
0
_a
Pelotón
264
_b
Hemdale Film Corporation
942
_c
DVD
999
_c
1912
_d
1912